00199nam a2200073Ia 4500082001200000245002500012100004700037008004100084 aAF BERG 0aOu vure, nuwe vonke  a BERGH, Rene Pretoria, 2003 1ste druk 210817s9999 xx 000 0 und d